| 000 | 00995cam a22002894a 4500 | ||
|---|---|---|---|
| 001 | 14325890 | ||
| 005 | 20251027151108.0 | ||
| 007 | co cgu-------- | ||
| 008 | 060329s2007 njua b 001 0 eng | ||
| 020 | _a0131714724 | ||
| 020 | _a9780131714724 | ||
| 050 | 0 | 0 |
_aRT41 _b.B89 2007 |
| 082 | 0 | 0 |
_a617/.0231 _222 |
| 100 | 1 | _aBurke, Karen M. | |
| 245 | 1 | 0 |
_aMedical-surgical nursing care / _cKaren M. Burke, Priscilla LeMone, Elaine L. Mohn-Brown ; with new mental health unit by Linda Eby. |
| 250 | _a2nd ed. | ||
| 260 |
_aUpper Saddle River, N.J. : _bPearson/Prentice Hall, _cc2007. |
||
| 300 |
_axix, 1384 p. : _bill. (chiefly col.) ; _c29 cm. + _e1 CD-ROM (4 3/4 in.) |
||
| 650 | 0 | _aSurgical nursing. | |
| 650 | 0 | _aNursing. | |
| 650 | 1 | 2 |
_aNursing Care _xmethods. |
| 650 | 2 | 2 | _aNursing Process. |
| 700 | 1 | _aLeMone, Priscilla. | |
| 700 | 1 | _aMohn-Brown, Elaine. | |
| 856 | 4 | 1 |
_3Table of contents _uhttp://www.loc.gov/catdir/toc/ecip0611/2006010702.html |
| 942 |
_2lcc _cBK _e2nd ed. _n0 |
||
| 999 |
_c7815 _d7815 |
||